Attrazioni turistiche regione per regione #2 - Statistics

Statistiche generali
  • Questo quiz è stato fatto 104 volte
  • Il punteggio medio è 14 su 20
Statistiche sulle risposte
Hint Risposta % Corretto
Reggia di Caserta CAMPANIA
92%
Mole Antonelliana PIEMONTE
91%
Trulli di Alberobello PUGLIA
91%
Basilica di San Marco VENETO
91%
Valle dei Templi SICILIA
88%
Castello Sforzesco LOMBARDIA
86%
Nuraghe di Barumini SARDEGNA
86%
Palazzo Ducale di Urbino MARCHE
82%
Piazza dei Miracoli TOSCANA
82%
Basilica di San Francesco UMBRIA
77%
Castel Sant'Angelo LAZIO
74%
Duomo di Bressanone TRENTINO ALTO ADIGE
68%
Castello Svevo di Termoli MOLISE
67%
Castello di Miramare FRIULI VENEZIA GIULIA
62%
Forte di Bard VALLE D'AOSTA
62%
Santuario di San Francesco di Paola CALABRIA
61%
Basilica di San Petronio EMILIA ROMAGNA
59%
Castello di Melfi BASILICATA
56%
Cattedrale di San Lorenzo LIGURIA
36%
Basilica di Santa Maria di Collemaggio ABRUZZO
33%
Nessun quiz corrispondente trovato
Distribuzione punteggi
Percentuale di utenti per punteggio
Percentile per numero di risposta
I tuoi punteggi nel tempo
Non hai fatto questo quiz